000 01259cab a2200325 4500
001 ABS53813
008 090401t1995 xxu||||| |||| 00| 0 eng d
035 _a(Sirsi) u6713
041 _aeng
245 _aGIS special
260 _c1995
350 _a0
490 _aPlanning Week
_v3(43) 26 October 1995, III-XI(7)
520 _aAdvises on implementing a GIS in the planning office. How archaeologists in St Albans have used a map database to protect treasures from urban development. The use of GIS for monitoring woodlands close to urban conurbations. Looks at how Cannock Chase DC introduced a GIS as a `corporate tool`. Short articles on the use of geographical information in coastal and marine environments, and applying GIS to environmental impact assessments.
650 _aARCHAEOLOGY
650 _aBLACK COUNTRY URBAN FORESTRY UNIT
650 _aCANNOCK CHASE DC
650 _aCOASTAL ZONE
650 _aENVIRONMENTAL IMPACT ASSESSMENTS
650 _aFORESTRY
650 _aGIS
650 _aGIS
650 _aMAP DATABASES
650 _aPLANNING
650 _aURBAN WOODLANDS
690 _aMANAGEMENT-BUSINESS MANAGEMENT-INFORMATION MANAGEMENT
690 _aMAPPING AND MEASUREMENT
942 _n0
948 _c04/03/1997
999 _c4000
_d4000